01076cam a2200289 4500999001700000001000800017005001700025008004100042010001700083020001500100040001800115043001200133050003100145110003800176245010700214260002600321300002700347504003000374600004400404610003800448650002700486650004400513700002800557906004500585942003300630952012300663 c17725d17725125348520161129093356.0740315t19741973caua bc l000 0 eng  a 73088144  a0875870562 aDLCcDLCdDLC an-us-ca00aN6263.L6L64 1973bL64 19732 aLos Angeles County Museum of Art.10aIslamic art:bthe Nasli M. Heeramaneck Collection, gift of Joan Palevsky.cEdited by Pratapaditya Pal. a[Los Angeles,cc1973] a232 p.billus.c26 cm. aBibliography: p. 230-231.10aHeeramaneck, Nasli M.xArt collections.20aLos Angeles County Museum of Art. 0aIslamic artvCatalogs. 0aArtzCaliforniazLos AngelesvCatalogs.1 aPal, Pratapaditya,eed. a7bcbccorignewd2eopcnf19gy-gencatlg 2lcccBOOKShN6263.L6L64 1973 00102lcc4070aMUCbMUCcGENd2016-11-29eDonation(B.F.A)l0oN6263.L6L64 1973p28872r2016-11-29w2016-11-29yBOOKS